MARC

LEADER 00000nas a2200000 a 4500
001 ssj0006189
003 WaSeSS
005 20200512172242.0
006 m d
007 cr n
008 001205c19949999ncuqr pss 0 a0eng c
010 |a  2001212091 
022 |a 1534-1488  |l 1068-8218  |y 1068-8218 
035 |a (WaSeSS)ssj0006189 
037 |b Project Muse, The Johns Hopkins University Press, 2715 N. Charles Street, Baltimore, Maryland 21211 
037 |a 22573/ctt1jgdngx  |b JSTOR 
040 |a JHE  |b eng  |c JHE  |d NSD  |d EYM  |d OCLCQ  |d F#A  |d OCLCQ  |d OCLCF  |d OCLCO  |d OCLCQ  |d WT2  |d TEF  |d OCLCQ  |d UUM  |d OCLCQ  |d WYU  |d VT2  |d OCLCQ  |d WaSeSS 
042 |a nsdp  |a pcc 
043 |a n-usu-- 
050 4 |a F209  |b .S73 INTERNET 
082 1 0 |a 975  |2 13 
130 0 |a Southern cultures (Online) 
210 0 |a South. cult.  |b (Online) 
222 0 |a Southern cultures  |b (Online) 
245 1 0 |a Southern cultures  |h [electronic resource]. 
260 |a Chapel Hill, NC :  |b University of North Carolina Press 
310 |a Quarterly 
362 1 |a Print began with vol. 1, no. 1 (fall 1994). 
506 |a License restrictions may limit access. 
515 |a Vol. 1, no. 1 preceded by an "inaugural issue," published in 1993. 
538 |a Mode of access: World Wide Web. 
550 |a "Published ... for the Center for the Study of the American South at the University of North Carolina at Chapel Hill." 
588 0 |a Vol. 6, no. 4 (winter 2000); title from title screen (viewed Dec. 5, 2000). 
650 7 |a Southern United States.  |2 ebps 
650 7 |a Visual Arts.  |2 ebps 
650 7 |a Ethnic & Cultural Studies.  |2 ebps 
650 7 |a Literature & Writing (General)  |2 ebps 
650 7 |a Civilization.  |2 fast  |0 (OCoLC)fst00862898 
650 7 |a Manners and customs.  |2 fast  |0 (OCoLC)fst01007815 
651 0 |a Southern States  |x Civilization  |v Periodicals. 
651 0 |a Southern States  |x Social life and customs  |v Periodicals. 
651 7 |a Southern States.  |2 fast  |0 (OCoLC)fst01244550 
655 0 |a Electronic journals. 
710 2 |a University of North Carolina at Chapel Hill.  |b Center for the Study of the American South. 
776 1 |t Southern cultures  |x 1068-8218  |w (OCoLC)27820539 
856 4 0 |z Full text available from Research Library: 10/01/2004 to 1 year ago  |u https://search.proquest.com/publication/43321